00495nam a2200169Ia 4500100002300000650001500023942000700038366000700045654001000052245003600062260004000098082001700138300000800155546001200163999001700175952013300192 aDr.Satish chandra  aPhilosophy cBK f25 awomen aSome Outstanding women of India bBetter Yourself BooksaBandrac2006 a170/SATbSAT a207 aENGLISH c22871d22871 001040708CRCaCRCEbCRCEd2023-03-17eBetter Yourself Booksg75.00l0o170/SAT SATp17774r2023-03-17v100.00w0000-00-00yBK